Sledovanie vplyvu spotreby liekov na základné ukazovatele dočasnej pracovnej neschopnosti pre chorobu a úraz

Bibliographic Details
Main Authors: Vránová, M. (Author), Špringer, Vladimír, 1933-2009 (Author)
Format: Article
Language:Slovak
PhysicalDescription:Tb. 2. Res. rus., angl., lit. 14 zázn. v slov., češ.
Subjects:

MARC

LEADER 00000nab a2200000 a 4500
001 vtls000307251
003 SK-MaSNL
005 20260304025154.0
008 220422c1988 xo 0 slo
015 |a SNBRB19rr/mm-uuuuu 
035 |a CL0317370 
040 |a SNKBUCL  |b slo  |c SNKBUCL  |e AACR2 
041 0 |a slo 
044 |a xo  |c SK 
080 |a 368.015:615:313.1  |2 1981 
080 |a 615  |2 1981 
080 |a 313.1  |2 1981 
100 1 |a Vránová, M.  |4 aut  |9 1006957 
245 1 0 |a Sledovanie vplyvu spotreby liekov na základné ukazovatele dočasnej pracovnej neschopnosti pre chorobu a úraz  |c M. Vránová, V. Špringer 
300 |b Tb. 2. Res. rus., angl., lit. 14 zázn. v slov., češ. 
650 0 7 |a pracovná neschopnosť  |2 snkbucl  |9 81494 
650 0 7 |a lieky  |2 snkbucl  |9 2515 
650 0 7 |a spotreba liekov  |2 snkbucl  |9 222769 
655 7 |a články z novín a časopisov  |2 snkbucl  |9 267496 
700 1 |a Špringer, Vladimír,  |d 1933-2009  |4 aut  |9 196745 
773 0 |t Československé zdravotnictví  |g Roč. 36, č. 2 (1988), s. 79-83 
850 |a Slovenská národná knižnica v Martine  |a MTA001 
852 |a SNK  |b KIS3GCP 
958 |a NB 
958 |a RK 
958 |a ME 
992 |a RBX 
999 |c 2625765  |d 2627695